Statistics for Seas of Europe

Click here to take the quiz!

General Stats

  • This quiz has been taken 48,384 times
    (26,282 since last reset)
  • The average score is 10 of 33

Answer Stats

Sea % Correct
Mediterranean Sea
92%
Black Sea
90%
North Sea
88%
Baltic Sea
85%
Caspian Sea
78%
Adriatic Sea
72%
Aegean Sea
68%
Irish Sea
62%
Norwegian Sea
35%
Ionian Sea
30%
White Sea
24%
Sea of Marmara
24%
Balearic Sea
24%
Tyrrhenian Sea
24%
Sea of Azov
20%
Greenland Sea
18%
Barents Sea
16%
Sea of Crete
16%
Sea of Sardinia
15%
Bothnian Sea
15%
Celtic Sea
14%
Ligurian Sea
12%
Sea of the Hebrides
8%
Kara Sea
8%
Alboran Sea
6%
Sea of Ă…land
6%
Wadden Sea
5%
Cantabrian Sea
5%
Thracian Sea
4%
Myrtoan Sea
3%
Iroise Sea
3%
Archipelago Sea
2%
Pechora Sea
2%

Score Distribution

Percentile by Number Answered

Percent of People with Each Score

Your Score History

You have not taken this quiz since the last reset